-mic Definitions Quiz Stats

 Plays Quiz Updated Nov 9, 2019

Score 0/15 Timer 03:00
4 Plays Today
% Correct
Mimic
95.7%
Pandemic
95.6%
Ceramic
95.5%
Seismic
94.5%
Economic
93.9%
Aerodynamic
93.6%
Cosmic
92.8%
Rhythmic
91.6%
% Correct
Atomic
90.8%
Dynamic
85.2%
Academic
85%
Proxemic
82.5%
Osmic
76.9%
Exophthalmic
68%
Gnomic
63.4%

You're not logged in!

Compare scores with friends on all Sporcle quizzes.
OR
Log In

Sporcle TV

Today on Sporcle TV


Watch our educational content, quiz creation guides, and fun videos on Sporcle TV.

Show Comments

Extras

Top Quizzes Today


Score Distribution

Your Account Isn't Verified!

In order to create a playlist on Sporcle, you need to verify the email address you used during registration. Go to your Sporcle Settings to finish the process.

Report this User

Report this user for behavior that violates our Community Guidelines.

Details: